Statistics for Which Country - Multiple Choice #4

Click here to take the quiz!

General Stats

  • This quiz has been taken 124 times
  • The average score is 5 of 15

Answer Stats

QuestionAnswer% Correct
What country's nickname is "Land Down Under"?Australia
95%
Which country was the last one to allow women to drive?Saudi Arabia
86%
Wilson's bird-of-paradise is only found in what country?Indonesia
43%
What country has the highest average internet connection speed in the world according to Akamai Technologies?South Korea
38%
In terms of area, which country is the Asia's smallest country?Maldives
37%
The Bay of Campeche is surrounded on three sides by which Latin American country?Mexico
35%
If the world land area would have been divided into 195 countries so that each country would have taken the same amount of land area, at about the same size of which country would it have been?Turkey
35%
To which Nordic country does the Åland Islands belong?Finland
34%
Now, which country is Africa's smallest one?Seychelles
30%
Which one of these countries has never won the Academy Awards for the best foreign language film?Belgium
24%
Which one of these countries is the closest one to the country of Jamaica?Honduras
21%
The population of the U.S. state California, is closest to the population of which one of these countries?Iraq
20%
Through which one of these African countries does the Equator not run?Equatorial Guinea
20%
Which one of these countries has never been communist at any point of history?Myanmar
13%
In which country is it totally legal to sell your kidney?Iran
11%

Score Distribution

Percentile by Number Answered

Percent of People with Each Score

Your Score History

You have not taken this quiz